Les pays des sept merveilles du monde - Statistiques

Statistiques générales
  • Ce quiz a été pris 83 fois
  • Le résultat moyen est 5 sur 7
Statistiques - réponses
Pays Monument % Correct
Inde Taj Mahal
85%
Chine La grande muraille
84%
Pérou Le Machu Picchu
84%
Italie Colisée
81%
Brésil Le Christ rédempteur
72%
Jordanie Pétra
68%
Mexique Chichén Itzá
44%
Aucun quiz correspondant
Distribution des résultats
% des personnes avec chaque résultat
Percentile par nombre de réponses
Votre historique - résultats
Vous n’avez pas pris ce quiz